000 00571cam a22002053a 4500
001 42356
003 PGUSA
005 20140828083947.0
008 130317s2013||||xxu|||||s|||||000 | eng d
040 _aPGUSA
_beng
042 _adc
100 1 _aWiltshire, Thomas
245 1 0 _aOn the Red Chalk of England
_h[electronic resource] /
_cThomas Wiltshire
260 _bProject Gutenberg,
_c2013
506 _aPublic domain in the USA.
516 _aElectronic text
830 0 _aProject Gutenberg
_v42356
856 4 0 _uhttp://www.gutenberg.org/ebooks/42356
942 _cEB
999 _c271608
_d271608